Science Quiz

Random Science or Astronomy Quiz

Southern Constellations Quiz Stats

 Plays Quiz Updated Feb 20, 2020

Support Sporcle.
Go Orange.
Score 0/52 Timer 10:00
1 Play Today
% Correct
Virgo
72.8%
Libra
72.2%
Aquarius
72.1%
Sagittarius
68.1%
Crux
59.8%
Scorpius
58.8%
Hydra
58.1%
Canis Major
57%
Capricornus
55.6%
Cetus
50.3%
Centaurus
48%
Hydrus
48%
Puppis
48%
Vela
47.7%
Lepus
47.2%
Corona Australis
47.2%
Crater
47.1%
Eridanus
47.1%
Lupus
47%
Ara
46.8%
Corvus
46.8%
Microscopium
46.5%
Phoenix
46.3%
Telescopium
46.2%
Sextans
45.9%
Grus
45.9%
% Correct
Fornax
45.8%
Carina
45.3%
Ophiuchus
45.3%
Octans
45.1%
Triangulum Australe
44.7%
Mensa
43.9%
Indus
43.3%
Pyxis
43%
Musca
42.9%
Pavo
42.7%
Dorado
42.7%
Apus
42.5%
Piscis Austrinus
42.4%
Sculptor
42.2%
Norma
42.1%
Scutum
41.3%
Horologium
41%
Antlia
40.5%
Pictor
40.3%
Columba
40.1%
Tucana
40.1%
Reticulum
40%
Volans
39.7%
Caelum
38.5%
Chamaeleon
37.6%
Circinus
37.5%

From the Vault

Presidential First Names

by Limelight05

History 5m
For all of you who are on a first name basis with the P.O.T.U.S.
Remove Ads.
Support Sporcle.
Get the best of Sporcle when you Go Orange. This ad-free experience offers more features, more stats, and more fun while also helping to support Sporcle. Thank you for becoming a member.

Show Comments

Extras

Top Quizzes Today


Score Distribution

Your Account Isn't Verified!

In order to create a playlist on Sporcle, you need to verify the email address you used during registration. Go to your Sporcle Settings to finish the process.

Report this User

Report this user for behavior that violates our Community Guidelines.

Details: